| 000 | 01423nam a22001577a 4500 | ||
|---|---|---|---|
| 999 |
_c527902 _d527902 |
||
| 008 | 241003b ||||| |||| 00| 0 eng d | ||
| 100 |
_aArumugam, Chithra _959074 |
||
| 245 | _aDemystify8ing soil health: Policy push for a soil organic carbon mission | ||
| 260 | _aThe Administrator: Journal of LBSNAA | ||
| 300 | _a63(1), Jan, 2024: p.61-74 | ||
| 520 | _aThis article examines the policy imperative of strengthening soil health through a dedicated Soil Organic Carbon (SOC) mission in India. It highlights the critical role of SOC in enhancing agricultural productivity, improving resilience to climate change, and contributing to carbon sequestration. The study explores how policy frameworks can incentivize sustainable farming practices, integrate scientific monitoring, and align with global environmental commitments. By demystifying soil health and situating it within broader debates on sustainability and governance, the paper underscores the need for coordinated action between policymakers, farmers, and civil society to secure ecological balance and food security for the future. | ||
| 650 |
_aPublic Policy, Soil Health, Soil Organic Carbon, Agriculture, Sustainability, Climate Change Mitigation, Environmental Policy, India, Carbon Sequestration, Rural Development, Food Security, Policy Innovation _959075 |
||
| 773 | _aThe Administrator: Journal of LBSNAA | ||
| 906 | _aAGRICULTURE | ||
| 942 | _cAR | ||